| 000 | 00520nam a2200169Ia 4500 | ||
|---|---|---|---|
| 003 | GCL | ||
| 008 | 140319s9999 xx 000 0 eng d | ||
| 040 |
_aGCL / _cGCL |
||
| 082 | 0 | 4 |
_a658.45 _bH C |
| 100 | 1 | _aHAMILTON, ALEXANDER | |
| 245 | 1 | 0 |
_aCOMMUNICATING FOR RESULTS: A GUIDE FOR BUSINESS AND THE PROFESSIONS / _cHAMILTON, ALEXANDER |
| 700 | 1 | _aPARKER, CARDELL | |
| 260 |
_a[S.N] : _bINTERNATIONAL THOMSON PUBLISHING COMP ، _c1996 |
||
| 300 | _a496 P | ||
| 650 | 0 | 4 | _aCOMMUNICATION IN MANAGEMENT |
| 942 |
_2ddc _cBK |
||
| 999 |
_c15933 _d15933 |
||